000
00365nam a2200169Ia 4500
005
20250423095247.0
008
250422s9999 xx 000 0 und d
020
_a
0340740647
050
_a
RC 156 .E845/
245
0
_a
Essential malariology
250
_a
4th ed.
260
_a
London
260
_b
Arnold
260
_c
2002
300
_a
348 p
942
_c
BK
999
_c
29732
_d
29732